000
00316nam a22001457a 4500
020
_a
978-93-83756-24-7
082
_a
894.812.3
_b
BEN/E
100
_a
BENYAMIN
245
_a
ERUNDA VANASTHALIKAL
260
_a
KOZHIKODE
_b
OLIVU PUBLICATIONS
_c
201
300
_a
106
520
_a
NOVEL
650
_a
NOVEL
942
_c
BK
999
_c
4835
_d
4835